banner koha

Variabilidade espacial da dose de P2O2 e K2O para adubação diferenciada e convencional em lavoura cafeeira (Registro n. 250186)

MARC details
000 -LÍDER
campo de controle de tamanho fixo 01010nas a2200337 4500
001 - NÚMERO DE CONTROLE
campo de controle BR2016003801
003 - IDENTIFICADOR DO NÚMERO DE CONTROLE
campo de controle BR-BrBNA
005 - DATA E HORÁRIO DA ÚLTIMA TRANSAÇÃO
campo de controle 20231205130557.0
007 - CAMPO FIXO DE DESCRIÇÃO FÍSICA--INFORMAÇÃO GERAL
campo de controle de tamanho fixo ta
008 - CAMPO DE DADOS FIXOS--INFORMAÇÃO GERAL
campo de controle de tamanho fixo 230509b bl.|||p| |||| 00| 00por d
040 ## - FONTE DA CATALOGAÇÃO
Instituição da catalogação original BR-BrBNA
Idioma da catalogação por
Instituição que transcreveu o registro Biblioteca Nacional de Agricultura
041 ## - CÓDIGO DE IDIOMA
Código do idioma do texto/trilha sonora ou título diferente (Pt)
072 ## - CÓDIGO DE CATEGORIA DE ASSUNTO
Código de Categoria de Assunto F04; U10
100 1# - ENTRADA PRINCIPAL--NOME PESSOAL
Nome pessoal Ferraz, G.A. e S.
100 1# - ENTRADA PRINCIPAL--NOME PESSOAL
Nome pessoal Silva, F.M. da
100 1# - ENTRADA PRINCIPAL--NOME PESSOAL
Nome pessoal Oliveira, M.S. de
100 1# - ENTRADA PRINCIPAL--NOME PESSOAL
Nome pessoal Avelar, R.C.
100 1# - ENTRADA PRINCIPAL--NOME PESSOAL
Nome pessoal Sales, R.S.
245 1# - TÍTULO
Título Variabilidade espacial da dose de P2O2 e K2O para adubação diferenciada e convencional em lavoura cafeeira
650 ## - ASSUNTO--TERMO TÓPICO
Cabeçalho tópico ou nome geográfico CAFÉ
650 ## - ASSUNTO--TERMO TÓPICO
Cabeçalho tópico ou nome geográfico FÓSFORO
650 ## - ASSUNTO--TERMO TÓPICO
Cabeçalho tópico ou nome geográfico POTÁSSIO
650 ## - ASSUNTO--TERMO TÓPICO
Cabeçalho tópico ou nome geográfico ADUBAÇÃO
650 ## - ASSUNTO--TERMO TÓPICO
Cabeçalho tópico ou nome geográfico LAVOURA
650 ## - ASSUNTO--TERMO TÓPICO
Cabeçalho tópico ou nome geográfico AGRICULTURA DE PRECISÃO
650 ## - ASSUNTO--TERMO TÓPICO
Cabeçalho tópico ou nome geográfico MODELO MATEMÁTICO
650 ## - ASSUNTO--TERMO TÓPICO
Cabeçalho tópico ou nome geográfico ANÁLISE COMPARATIVA
773 0# - ENTRADA ANALÍTICA
Título Coffee Science (Brazil)
ISSN - International Standard Serial Number ISSN 1809-6875
Partes relacionadas (Jul-Sep 2015), v. 10(3) p. 346-356
Número de controle do registro BR2016003801
909 ## -
-- 202311
-- Lúcia
-- 55
-- Lúcia Elande
942 ## - ELEMENTOS DE ENTRADA ADICIONADOS (KOHA)
Fonte da classificação ou esquema de arquivamento na estante Classificação AGRIS
Ocultar no OPAC Não
Tipo de material Koha Analítica
Exemplares
Situação do descarte Fonte da classificação ou esquema de arquivamento na estante Situação física Não pode ser emprestado Biblioteca de origem Biblioteca atual Localização na estante Enumeração do periódico / cronologia Total de empréstimos Data de último acesso Número do exemplar Tipo de material Koha Fonte de aquisição
  Classificação AGRIS   Consulta local Biblioteca Nacional de Agricultura - Binagri Biblioteca Nacional de Agricultura - Binagri   (Jul-Sep 2015), v. 10(3) p. 346-356   29/11/2023 01 Periódicos Portaria Interministerial nº 164/94

BINAGRI

Telefone: (61)3218-2567/2388/3357/2097 - binagri@agro.gov.br

Ministério da Agricultura e Pecuária , Esplanada dos Ministérios, Bloco D, Anexo B, Brasília/DF, CEP: 70.043-900